10 questions sur une ville française #10 : LA ROCHELLE - Statistiques

Statistiques générales
  • Ce quiz a été pris 221 fois
  • Le résultat moyen est 6 sur 10
Statistiques - réponses
Question Réponse % Correct
A quelle île (4ème de France métropolitaine en superficie) accède-t'on grâce à un pont depuis La Rochelle ? L'Île de Ré
94%
Quelle étendue d'eau se présente à l'ouest de La Rochelle ? L'océan Atlantique
88%
Combien La Rochelle compte-t-elle d'habitants ? (à 10 000 près) 75 404
80%
Quel festival de musique annuel se déroule depuis 1985 à La Rochelle ? Les Francofolies
79%
De quelle couleur est la coque du bateau présent sur le blason de la ville ? Jaune
72%
Quelle est sa superficie ? (à 10 km² près) 28,43 km²
66%
Comment se nomme la province historique, créée en 1374 et disparue en 1790, dont La Rochelle était la capitale ? L'Aunis
36%
Quel classement occupe-t-elle en termes d'habitants en France ? 66ème
33%
Avec quelle ville américaine La Rochelle est-elle jumelée ? La Nouvelle-Rochelle
22%
Quel spationaute Rochelais fut le premier homme ni Russe ni Américain à effectuer une sortie extra-véhiculaire dans l'espace ? Jean-Loup Chrétien
14%
Aucun quiz correspondant
Distribution des résultats
% des personnes avec chaque résultat
Percentile par nombre de réponses
Votre historique - résultats
Vous n’avez pas pris ce quiz